000 nam a22 a 4500
999 _c342595
_d342595
003 BLK
005 20210920112027.0
008 180911b bul|||||r ||||||| ||bul||
010 _a002246
040 _aBLK
041 _aBUL
_cBUL
080 _z94(497.2)
_aИстория на България
_b94(497.2)
139 _aСборник по случай на стогодишнината на Заверата от 1835 г.
245 1 0 _aСборник по случай на стогодишнината на Заверата от 1835 г.
260 _aСофия
_bБълг. нар. к-т за чествуване 100-год. от Велчовата завера
_c1935
_f(София : Арм. воен.-изд. фонд)
300 _aXVI, 167 с. : с ил., 19 л
_bил., 1 л. : факс., 1 л. : прил.
_c25 см
380 _a9
490 _aЧастна колекция - Академик Михаил Арнаудов
_gДарение - Основен фонд
500 _aМихаил Арнаудов: подпис. - Михаил Арнаудов: негови-книги, негови-лист-ръкопис, негови-изрезка на други лица-лист. - Подчертавания в текста. Библиогр. източници за Г. С. Мамарчев 2 л. и за Велчовата завера 1 л. Статии за Г. С. Мамарчев : в. Лит. глас, Х 567, 28. Х. 1942 ; за Велчовата завера : в. Мир, бр. 10120 ; в. Църковен вестник, бр. 41, 5. ХII. 59 Датирането от М. Арнаудов. Позив-плакат за честване 100 години от Велчовата завера. - Дарствено писмо до М. Арнаудов от 11. юний 1935 от Комитет "Велчова Завера". Секретар : инж. Д. Мамарчев и печат на Комитета
500 _aАвтограф с текст: Г-н проф. д-р М. Арнаудов От Изпълнителния Комитет. 11. VII. 1935 София.
650 7 _9150518
_aВелчова завера 1835
655 _aбългарска история
_9464846
852 _aМА 138
_bМА
852 _aЦб 9.250.6955
_bЦб
942 _cKNG
_n0
_s1
944 _aCR
_c1995
_kValK
944 _aED
_c2021-09-20
_kРенета Константинова